Statistiques concernant Chap 10: l'équilibre du marché en concurrence parfaite.

Cliquez ici pour prendre le quiz!

Statistiques générales

  • Ce quiz a été pris 5 fois
  • Le résultat moyen est 6 sur 9

Statistiques - réponses

QuestionRéponse% Correct
Quel est le rôle du commissaire-priseur dans le modèle de Walras?Collecte des informations et calcule l'équilibre.
100%
La courbe de demandeReprésente la quantité demandée en fonction du prix.
100%
Qui est le fondateur de l'école néoclassique de Lausanne et le précurseur du modèle de concurrence parfaite?Léon Walras
80%
Qu'est-ce qui caractérise les équilibres walrasiens selon Léon Walras?Présence d'un commissaire-priseur.
80%
La courbe d’offreReprésente la quantité offerte en fonction du prix.
80%
Qu'est-ce que le tâtonnement walrasien?Un processus d'ajustement vers l'équilibre.
80%
Comment Solow intègre-t-il le progrès technique dans son modèle de croissance?En l'intégrant comme une variable endogène.
40%
Quel économiste a fourni une version mathématique de la "loi de l'offre et de la demande"?Paul Samuelso
40%
Quelle est la méthode utilisée par la science naturelle selon Walras?Méthode mathématique.
20%

Distribution des résultats

Percentile par nombre de réponses

% des personnes avec chaque résultat

Votre développement - résultats

Vous n’avez pas pris ce quiz